Rostro de hombre

Sábháilte in:
Sonraí bibleagrafaíochta
Príomhchruthaitheoir: Soublette Asmussen, Gastón (Údar)
Formáid: LEABHAR
Teanga:Spáinnis
Foilsithe / Cruthaithe: Santiago Andrés Bello 1998
Eagrán:2a. ed
Ábhair:
Clibeanna: Cuir clib leis
Níl clibeanna ann, Bí ar an gcéad duine le clib a chur leis an taifead seo!

MARC

LEADER 00000cam a2200000 a 4500
001 UCE2709
003 CL-VaPUC
008 140724e19980000cl |||||||||||||||||spa|d
020 |a 9561315025 
082 0 4 |a 232  |b SOU  |2 21 
100 0 |a Soublette Asmussen, Gastón  |e author  |9 575260 
245 1 0 |a Rostro de hombre 
250 |a 2a. ed 
300 |a 557 p 
942 |c BK 
945 |d 20140724 10:48:00  |a dcastane 
260 |a Santiago  |b Andrés Bello  |c 1998 
650 0 |a Biblia  |9 257603 
650 0 |a Nuevo testamento  |9 257604 
650 0 |a Evangelios  |9 314864 
650 0 |a Cristología   |9 315091 
583 |a last modification  |c 20140724 10:48:00  |k Rodrigo Vera 
999 |c 356284  |d 356282